000 00960cam a22002893a 4500
001 15171
003 PGUSA
005 20140828083326.0
008 050225s2005||||xxu|||||s|||||000 | eng d
040 _aPGUSA
_beng
042 _adc
050 4 _aG
100 1 _aGriffith, William,
_d1810-1845
245 1 0 _aJournals of Travels in Assam, Burma, Bhootan, Afghanistan and the Neighbouring Countries
_h[electronic resource] /
_cWilliam Griffith
260 _bProject Gutenberg,
_c2005
506 _aPublic domain in the USA.
516 _aElectronic text
653 _aAfghanistan -- Description and travel
653 _aAssam (India) -- Description and travel
653 _aVoyages and travels
653 _aBurma -- Description and travel
653 _aBhutan -- Description and travel
653 _aGriffith, William, 1810-1845 -- Travel
830 0 _aProject Gutenberg
_v15171
856 4 0 _uhttp://www.gutenberg.org/ebooks/15171
942 _cEB
999 _c244426
_d244426